000 00723nam a2200265 4500
001 2010
010 _a9789895839421
021 _aPT
_b548128/25
090 _a2010
100 _a20251124d2025 m||y0pory50030103ba
101 _apor
102 _aPT
200 _aUm caso de verão
_fElle Kennedy
_gtrad. Isabel Moreira
205 _a1ª edição
210 _aLisboa
_cTopseller
_d2025
215 _a383 p.
_d23 cm
300 _aBMB-Registado
304 _aTít. orig.: The summer girl
606 _92632
_aLiteratura canadiana em língua lnglesa
606 _9779
_aRomance
675 _a821.111(71)-31
_vBMB
_zpor
700 _aKennedy
_bElle
_91869
702 _aMoreira
_bIsabel
_4730
_91870
801 _aPT
_bBMB
_gRPC
990 _cLIVROS